000 02844nam a2200361 i 4500
003 DO-SdBNP
005 20250630100925.0
006 a||||gr|||| 00| 0
007 ta
008 240719t2011 dr |||| |||| 00| e spa d
020 _a9789945469509
040 _aDO-SdBNP
_bspa
_cBNPHU
_erda
082 4 _222
_bT866S
100 1 _aSánchez, Buenaventura
_d1900 - 1975
_eautor
_986144
245 1 0 _aTrujillo:
_bla agonía dominicana /
_cBuenaventura Sánchez; editor, León Félix Batista; liminar, José Rafael Lantigua.
264 1 _aSanto Domingo :
_bEditorial Nacional,
_c2011
300 _a99 páginas ;
_c23 cm.
336 _2rdacontent
_atexto
_btxt
337 _2rdamedia
_asin mediación
_bn
338 _2rdacarrier
_avolumen
_bnc
490 _a30 de Mayo: Puerta a la Libertad.
500 _aDetalles relativos a 5,000 asesinatos cometidos por Trujillo en tres años de gobierno.
500 _aIncluye datos biográficos del autor en la solapa de la cubierta.
505 _aLiminar /
_rJosé Rafael Lantigua.
_gIntroducción.
_tVida y Carrera de Trujillo.-- Defensa de Trujillo.-- Réplica al Sr. Morillo.-- Diplomáticos de Chapita: atentados criminales y persecuciones.-- Latrocinios.-- Pesecución de cubanos.-- Obras públicas.-- Vaticinio de un Senador de la República.-- Actos de demencia.-- Lista de los principales ciudadanos asesinados por la tiranía de Trujillo.-- El caso del joven puertorriqueño Eduardo Colom y Piris (un affidávit de su señora madre).--
_tNo se trata de alabar al general Trujillo: Se trata de entregar inmediatamente al joven Piris o expliar por qué no.-- Espeluznante asesino de un puertorriqueño en Santo Domingo.--Más detalles sobre el asesinato del puertorriqueño Juan N. Miranda en Santo Domingo.-- Más detalles sobre la muerte del profesor Miranda en Santo Domingo.--
_tDocumentos confidenciales dirigidos por el general Enrique Loizana del Castillo, enviado extraordinario y ministro plenipotenciario en Santo Domingo, al Secretario de Estado de la República Cuba.-- Prisiones y asesinatos en masa. Adulacioón sin escrúpulos.-- Ridículos paralelos entre famosos capitanes y Trujillo. Una sola perspectiva: La insurrección-- Los horrores de la prisión de Nigua.--Voracidad insaciable del tirano y de su hermano Virgilio Trujillo.
_tConclusión.
590 _aInventariado 2024 / MF
600 1 4 _aTrujillo Molina, Rafael Leónidas,
_d 1891-1961
_976764
600 1 4 _aSánchez, Buenaventura,
_d1900 - 1975
_tTruijillo: La agonía dominicana.
_vBiografía
_986145
650 4 _aHomicidio Político
_yEra de Trujillo, 1930-1961
_zRepública Dominicana
_961708
651 0 _aRepública Dominicana
_xHistoria
_yEra de Trujillo, 1930-1961
_978796
700 1 _aLantigua, José Rafael,
_d1949-
_91438
_eprólogo
700 1 _aBatista, León Félix,
_d1964-
_912031
_eeditor
942 _2ddc
_cLBS1
999 _c57323
_d57323